[Event "Nezhmetdinov Cup 2013"]
[Site "?"]
[Date "2013.06.05"]
[Round "6.13"]
[White "Durarbayli, Vasif"]
[Black "Ponfilenok, Vladimir"]
[Result "1-0"]
[WhiteElo "2597"]
[BlackElo "2395"]
[PlyCount "81"]
[EventDate "2013.06.04"]

1. g3 f5 2. Bg2 Nf6 3. Nf3 Nc6 4. O-O e5 5. c4 Be7 6. d3 O-O 7. Nc3 d6 8. a3
Qe8 9. Bg5 h6 10. Bxf6 Bxf6 11. Nd5 Bd8 12. b4 Ne7 13. Nc3 c6 14. c5 Bc7 15.
cxd6 Bxd6 16. Nd2 Be6 17. Qa4 Nd5 18. Rfc1 Nxc3 19. Rxc3 e4 20. Re1 exd3 21.
Rxd3 Bc7 22. e3 Rd8 23. Rxd8 Qxd8 24. Rd1 Qb8 25. Nf3 Bb6 26. b5 cxb5 27. Qxb5
Qe8 28. Qb4 Qf7 29. Ne5 Qc7 30. Ng6 Rf7 31. Nf4 Rd7 32. Rxd7 Qc1+ 33. Bf1 Bxd7
34. Ng6 Be6 35. Qf8+ Kh7 36. Nf4 Qc6 37. Qe7 Bc8 38. Nh5 Qc3 39. Bc4 Qa1+ 40.
Kg2 f4 41. Qe4+ 1-0

[Event "Nezhmetdinov Cup 2013"]
[Site "?"]
[Date "2013.06.05"]
[Round "6.14"]
[White "Ozolin, Maxim"]
[Black "Kryakvin, Dmitry"]
[Result "0-1"]
[WhiteElo "2387"]
[BlackElo "2576"]
[PlyCount "57"]
[EventDate "2013.06.04"]

1. e4 c5 2. Nf3 d6 3. d4 cxd4 4. Nxd4 Nf6 5. Nc3 Nc6 6. Bg5 e6 7. Qd2 Be7 8.
O-O-O O-O 9. f4 h6 10. Bh4 e5 11. Nf5 Bxf5 12. exf5 exf4 13. Bxf6 Bxf6 14. Bc4
Be5 15. Nd5 Ne7 16. f6 Nxd5 17. fxg7 Kxg7 18. Qxd5 Qf6 19. c3 b5 20. Bb3 b4 21.
cxb4 Rab8 22. Kb1 Rxb4 23. Rd2 Rc8 24. Re1 a5 25. Qf3 Qg6+ 26. Ka1 a4 27. Bd5
Rc2 28. Rxc2 Qxc2 29. Qg4+ 0-1

[Event "Nezhmetdinov Cup 2013"]
[Site "?"]
[Date "2013.06.05"]
[Round "6.15"]
[White "Zenzera, Alexey"]
[Black "Rychagov, Andrey"]
[Result "1-0"]
[WhiteElo "2387"]
[BlackElo "2561"]
[PlyCount "79"]
[EventDate "2013.06.04"]

1. d4 Nf6 2. Nf3 e6 3. c4 b6 4. g3 Ba6 5. b3 d5 6. Bg2 Bb4+ 7. Bd2 Be7 8. Qc2
O-O 9. O-O c6 10. Rd1 Nbd7 11. Bf4 Rc8 12. Nc3 Nh5 13. Bc1 f5 14. a4 Bd6 15. a5
b5 16. c5 Bc7 17. Na2 b4 18. Nxb4 Bb5 19. Nd3 f4 20. Nde5 fxg3 21. hxg3 Nhf6
22. Ng5 Nxe5 23. Nxe6 Qe8 24. dxe5 Bxe5 25. Nxf8 Bxa1 26. Bh3 Qxe2 27. Qxe2
Bxe2 28. Bxc8 Bxd1 29. Nd7 Bxb3 30. Nb8 d4 31. Nxc6 Bc3 32. a6 Ne8 33. Nxa7 Nc7
34. Bf4 d3 35. Bxc7 h5 36. Nb5 Bb4 37. a7 d2 38. Be6+ Bxe6 39. a8=Q+ Kh7 40.
Qe4+ 1-0

[Event "Nezhmetdinov Cup 2013"]
[Site "?"]
[Date "2013.06.05"]
[Round "6.16"]
[White "Gabrielian, Artur"]
[Black "Arslanov, Shamil"]
[Result "1-0"]
[WhiteElo "2545"]
[BlackElo "2391"]
[PlyCount "57"]
[EventDate "2013.06.04"]

1. e4 e6 2. d4 d5 3. Nc3 Bb4 4. e5 c5 5. a3 Bxc3+ 6. bxc3 Ne7 7. a4 b6 8. Bb5+
Bd7 9. Nf3 Bxb5 10. axb5 Qd7 11. Rb1 a6 12. bxa6 Rxa6 13. dxc5 Qc7 14. cxb6
Rxb6 15. Rxb6 Qxb6 16. O-O O-O 17. Ba3 Nbc6 18. Qd3 Rc8 19. h4 Qa5 20. Bd6 Nf5
21. Rb1 h6 22. c4 Nxd6 23. exd6 Rd8 24. Rb5 Qa1+ 25. Qf1 Qa2 26. Rb6 Na7 27.
cxd5 Qxd5 28. Qa6 Rd7 29. Qa4 1-0

[Event "Nezhmetdinov Cup 2013"]
[Site "?"]
[Date "2013.06.05"]
[Round "6.17"]
[White "Gabuzyan, Hovhannes"]
[Black "Ovod, Evgenija"]
[Result "1-0"]
[WhiteElo "2532"]
[BlackElo "2387"]
[PlyCount "137"]
[EventDate "2013.06.04"]

1. e4 e5 2. Nf3 Nc6 3. d4 exd4 4. Nxd4 Bb4+ 5. c3 Bc5 6. Be3 Bb6 7. Nd2 Nge7 8.
Bd3 d5 9. N2f3 Bg4 10. Qc2 Bxf3 11. Nxc6 Nxc6 12. gxf3 d4 13. cxd4 Nxd4 14.
Qa4+ Qd7 15. Qxd7+ Kxd7 16. O-O-O Ke7 17. f4 g6 18. h4 h5 19. Rh3 Rad8 20. f5
gxf5 21. exf5 Rd6 22. Bf4 Rd5 23. Re3+ Kd7 24. Be4 Ra5 25. b4 Rb5 26. Red3 Rxb4
27. Be5 Rc4+ 28. Kb1 Rb4+ 29. Rb3 Rxb3+ 30. axb3 Rd8 31. Rxd4+ Bxd4 32. Bxd4
Ke7 33. Be3 b6 34. Bf3 f6 35. Kc2 Kd6 36. Bf4+ Ke7 37. Bg3 Rh8 38. Bc6 Kd8 39.
Kc3 a5 40. Kc4 Rh7 41. Bf3 Kd7 42. Kb5 Rh8 43. Bc6+ Kd8 44. Bd5 Rh7 45. Kc6 Rg7
46. Be6 Rh7 47. Bf4 Rg7 48. f3 Re7 49. Bd2 Rg7 50. Bc3 Ke7 51. Kxc7 Rg3 52.
Kxb6 Rxf3 53. Bxa5 Rf4 54. Be1 Re4 55. Bf2 Kd6 56. Bg3+ Ke7 57. Kc6 Rg4 58.
Bd6+ Kd8 59. b4 Rxh4 60. b5 Rh1 61. b6 Rc1+ 62. Bc5 h4 63. b7 Rxc5+ 64. Kxc5
Kc7 65. Bd5 h3 66. Be4 h2 67. Bh1 Kb8 68. Kc6 Ka7 69. Kc7 1-0

[Event "Nezhmetdinov Cup 2013"]
[Site "?"]
[Date "2013.06.05"]
[Round "6.18"]
[White "Makhmutov, Rail"]
[Black "Shinkevich, Vitaly"]
[Result "0-1"]
[WhiteElo "2360"]
[BlackElo "2478"]
[PlyCount "52"]
[EventDate "2013.06.04"]

1. d4 Nf6 2. c4 g6 3. Nc3 d5 4. Qb3 dxc4 5. Qxc4 Bg7 6. e4 O-O 7. Be2 Na6 8.
Nf3 c5 9. d5 e6 10. O-O exd5 11. exd5 Bf5 12. Bf4 Re8 13. Rad1 Ne4 14. Nb5 Qf6
15. Bd3 Rad8 16. Nc7 Nxc7 17. Bxc7 Rd7 18. Be5 Rxe5 19. Nxe5 Qxe5 20. Rde1 Rxd5
21. Rxe4 Bxe4 22. Qxe4 Qxe4 23. Bxe4 Rd2 24. Bxb7 Bxb2 25. Ba6 Rd4 26. Be2 Ra4
0-1

[Event "Nezhmetdinov Cup 2013"]
[Site "?"]
[Date "2013.06.05"]
[Round "6.19"]
[White "Atalik, Ekaterina"]
[Black "Zakhatsov, Vladimir"]
[Result "1-0"]
[WhiteElo "2455"]
[BlackElo "2335"]
[PlyCount "61"]
[EventDate "2013.06.04"]

1. d4 Nf6 2. c4 g6 3. Nc3 d5 4. Nf3 Bg7 5. Qb3 dxc4 6. Qxc4 O-O 7. e4 a6 8. e5
b5 9. Qb3 Nfd7 10. e6 fxe6 11. Qxe6+ Kh8 12. Be2 b4 13. Na4 Nc5 14. Nxc5 Bxe6
15. Nxe6 Qc8 16. Nxf8 Qxf8 17. O-O Nc6 18. Be3 e5 19. dxe5 Nxe5 20. Rac1 Nxf3+
21. Bxf3 Rd8 22. Rxc7 Bxb2 23. h4 Qg8 24. Bg5 Re8 25. Rc2 Qg7 26. Rd1 Bc3 27.
Re2 Rc8 28. Bg4 h6 29. Bxc8 hxg5 30. Rd8+ Kh7 31. Rd7 1-0

[Event "Nezhmetdinov Cup 2013"]
[Site "?"]
[Date "2013.06.05"]
[Round "6.20"]
[White "Kalegin, Evgenij"]
[Black "Ayupov, Damir"]
[Result "1-0"]
[WhiteElo "2447"]
[BlackElo "2334"]
[PlyCount "69"]
[EventDate "2013.06.04"]

1. e4 e5 2. Bc4 Nf6 3. d3 c6 4. Nf3 d5 5. Bb3 Bd6 6. Nc3 Be6 7. O-O Nbd7 8.
exd5 cxd5 9. Bg5 Qb8 10. Re1 O-O 11. Nb5 Ne8 12. Nxd6 Qxd6 13. Nxe5 Nxe5 14.
Bf4 f6 15. d4 Qb6 16. dxe5 fxe5 17. Bxe5 Qxf2+ 18. Kh1 Qf7 19. Qd4 b6 20. h3
Rd8 21. Rad1 Rd7 22. Rd3 Qh5 23. Rde3 Bf7 24. c4 Nd6 25. Bxd6 Rxd6 26. Re5 Qg6
27. cxd5 Rfd8 28. Qa4 a5 29. Qf4 Rf6 30. Qe3 h6 31. Rc1 Rfd6 32. Re6 Bxe6 33.
dxe6 Rd2 34. e7+ Kh7 35. Rg1 1-0

[Event "Nezhmetdinov Cup 2013"]
[Site "?"]
[Date "2013.06.05"]
[Round "6.21"]
[White "Chistiakova, Tamara"]
[Black "Tunik, Gennady"]
[Result "0-1"]
[WhiteElo "2314"]
[BlackElo "2430"]
[PlyCount "98"]
[EventDate "2013.06.04"]

1. d4 Nf6 2. Nf3 e6 3. c4 b6 4. g3 Bb7 5. Bg2 c5 6. d5 exd5 7. Nh4 g6 8. cxd5
Bg7 9. O-O O-O 10. e4 d6 11. Nc3 Nbd7 12. f4 Re8 13. Re1 c4 14. Be3 b5 15. Nxb5
Nxd5 16. Nxd6 Nxe3 17. Rxe3 Qb6 18. Nxc4 Qd4 19. e5 Qxc4 20. Qxd7 Bxg2 21. Nxg2
Rad8 22. Rc3 Qe2 23. Qa4 Bf8 24. Re1 Qxb2 25. Rc2 Qb6+ 26. Kh1 Rc8 27. h3 Red8
28. Rxc8 Rxc8 29. Qb3 Qf2 30. e6 Rc2 31. exf7+ Kg7 32. Qd5 Qxg3 33. Qe5+ Kxf7
34. Qe6+ Kg7 35. Qe5+ Kh6 36. Qg5+ Qxg5 37. fxg5+ Kxg5 38. a4 Ra2 39. Rf1 Bd6
40. Rd1 Be5 41. Ne1 Ra1 42. Rxa1 Bxa1 43. Kg2 Kf4 44. Nc2 Bc3 45. Na3 Bd4 46.
Nc4 Ke4 47. h4 Kd5 48. Na5 Bb6 49. Nb3 Kc4 0-1

[Event "Nezhmetdinov Cup 2013"]
[Site "?"]
[Date "2013.06.05"]
[Round "6.22"]
[White "Salakhutdinov, Ildar"]
[Black "Yandemirov, Valeri"]
[Result "0-1"]
[WhiteElo "2293"]
[BlackElo "2422"]
[PlyCount "64"]
[EventDate "2013.06.04"]

1. e4 e5 2. Nf3 Nc6 3. Bc4 Nf6 4. d3 Be7 5. O-O O-O 6. Re1 d6 7. a4 h6 8. c3
Nh7 9. a5 a6 10. Qb3 Ng5 11. Nxg5 Bxg5 12. Nd2 Kh8 13. Nf1 Bxc1 14. Rexc1 f5
15. exf5 Ne7 16. Ne3 Nxf5 17. Rf1 Nh4 18. Be6 Bxe6 19. Qxe6 Rf6 20. Qb3 Rb8 21.
Ra4 Rf4 22. Rb4 Qg5 23. Rxb7 Rbf8 24. Qc2 Nf3+ 25. Kh1 Qh5 26. gxf3 Qxf3+ 27.
Ng2 Rg4 28. Rg1 Qxb7 29. f4 Rgxf4 30. d4 exd4 31. cxd4 Rxd4 32. h3 Rb4 0-1

[Event "Nezhmetdinov Cup 2013"]
[Site "?"]
[Date "2013.06.05"]
[Round "6.23"]
[White "Smirnov, Alexey"]
[Black "Murtazin, Bulat"]
[Result "0-1"]
[WhiteElo "2413"]
[BlackElo "2151"]
[PlyCount "104"]
[EventDate "2013.06.04"]

1. d4 Nf6 2. c4 e6 3. Nf3 b6 4. g3 Ba6 5. Qa4 Bb7 6. Bg2 c5 7. dxc5 bxc5 8. O-O
Be7 9. Nc3 O-O 10. Rd1 Qb6 11. Qb5 Qc7 12. Bf4 d6 13. Qb3 a6 14. Rd2 Nc6 15.
Qd1 h6 16. Bxd6 Bxd6 17. Rxd6 Nd4 18. Nxd4 Qxd6 19. Bxb7 Rab8 20. Nb3 Qxd1+ 21.
Nxd1 Rxb7 22. Nxc5 Rc7 23. Nxa6 Rxc4 24. b4 Nd5 25. b5 Rfc8 26. Kg2 Rc1 27.
Rxc1 Rxc1 28. e4 Nb6 29. Ne3 Rb1 30. Nc7 Ra1 31. Ne8 Rxa2 32. e5 Rb2 33. Nd6
Kf8 34. h4 f6 35. exf6 gxf6 36. Ne4 Ke7 37. Nc3 Rb3 38. Ne2 Rxb5 39. Nf4 Nd7
40. h5 Ne5 41. Nc2 Rb6 42. Nd4 Kf7 43. Nfe2 f5 44. Nf4 Ng4 45. Nf3 Rb2 46. Nd3
Rb5 47. Nf4 e5 48. Ng6 Kf6 49. Ng1 Rb2 50. Nh3 Kf7 51. Kg1 Rb5 52. Nh4 Ke6 0-1

[Event "Nezhmetdinov Cup 2013"]
[Site "?"]
[Date "2013.06.05"]
[Round "6.24"]
[White "Dmitriev, Igor"]
[Black "Lugovskoy, Maxim"]
[Result "1-0"]
[WhiteElo "2289"]
[BlackElo "2396"]
[PlyCount "89"]
[EventDate "2013.06.04"]

1. c4 e6 2. g3 d5 3. Bg2 Nf6 4. Nf3 Be7 5. b3 O-O 6. O-O c5 7. Bb2 Nc6 8. e3 b6
9. Nc3 Bb7 10. cxd5 Nxd5 11. Nxd5 exd5 12. d4 Bf6 13. Qd2 Nb4 14. Rfd1 Qe7 15.
Bc3 a5 16. dxc5 Bxc3 17. Qxc3 Rac8 18. a3 Na6 19. b4 axb4 20. axb4 bxc5 21.
bxc5 Nxc5 22. Qb4 Ba8 23. Nd4 Rfe8 24. Rdc1 Qb7 25. Qa3 Ne6 26. Rxc8 Qxc8 27.
Bh3 Bb7 28. Rb1 Ba8 29. Qa7 g6 30. Qb6 Qd7 31. Ra1 Qb7 32. Qxb7 Bxb7 33. Bxe6
fxe6 34. Ra7 Bc8 35. Nc6 Kh8 36. f4 Rg8 37. h4 Re8 38. Ne5 Kg8 39. g4 Rf8 40.
g5 d4 41. Kf2 Rd8 42. Nc6 dxe3+ 43. Kxe3 Re8 44. Ne5 Rd8 45. Ng4 1-0

[Event "Nezhmetdinov Cup 2013"]
[Site "?"]
[Date "2013.06.05"]
[Round "6.25"]
[White "Maletin, Pavel"]
[Black "Mischuk, Dmitry"]
[Result "1/2-1/2"]
[WhiteElo "2611"]
[BlackElo "2312"]
[PlyCount "110"]
[EventDate "2013.06.04"]

1. c4 e6 2. g3 Nf6 3. Bg2 d5 4. Nf3 dxc4 5. Qa4+ Nbd7 6. Qxc4 a6 7. Qc2 c5 8.
Nc3 Ra7 9. O-O b6 10. d4 Bb7 11. Be3 Nd5 12. Nxd5 Bxd5 13. Rac1 Qa8 14. dxc5
Bxc5 15. Bxc5 Nxc5 16. b4 Ne4 17. Ne5 O-O 18. Nc6 Rc7 19. Bxe4 Rxc6 20. Bxd5
Rxc2 21. Bxa8 Rxc1 22. Rxc1 Rxa8 23. a4 a5 24. Rc6 Rb8 25. bxa5 bxa5 26. Ra6 h6
27. Kg2 Rb3 28. Rxa5 Ra3 29. h4 g6 30. e4 Kg7 31. e5 g5 32. h5 g4 33. Kf1 Ra1+
34. Ke2 Rh1 35. Rc5 Rxh5 36. Kd3 Rf5 37. Rc2 Rxe5 38. Ra2 Ra5 39. Kc4 f5 40.
Kb4 Ra8 41. a5 h5 42. Kb5 h4 43. gxh4 Kg6 44. a6 f4 45. Kc6 Kh5 46. Kb7 Rg8 47.
a7 g3 48. fxg3 fxg3 49. a8=Q Rxa8 50. Rxa8 Kxh4 51. Kc6 g2 52. Rg8 Kh3 53. Kd6
Kh2 54. Kxe6 g1=Q 55. Rxg1 Kxg1 1/2-1/2

[Event "Nezhmetdinov Cup 2013"]
[Site "?"]
[Date "2013.06.05"]
[Round "6.26"]
[White "Drachev, Oleg"]
[Black "Atalik, Suat"]
[Result "0-1"]
[WhiteElo "2187"]
[BlackElo "2597"]
[PlyCount "102"]
[EventDate "2013.06.04"]

1. e4 e5 2. Nf3 Nc6 3. Nc3 Nf6 4. d4 exd4 5. Nxd4 Bb4 6. Nxc6 bxc6 7. Bd3 O-O
8. O-O Re8 9. Qf3 Bd6 10. Bf4 Bxf4 11. Qxf4 d6 12. h3 a5 13. Rfe1 Nd7 14. Re3
a4 15. Rae1 Ra5 16. Kh2 Qe7 17. Qg3 a3 18. b3 Rg5 19. Qf4 Nf6 20. e5 Rxe5 21.
Rxe5 dxe5 22. Qc4 Bd7 23. Be4 c5 24. Rd1 Be6 25. Qb5 g6 26. Qa5 Rd8 27. Rxd8+
Qxd8 28. Qa8 Qxa8 29. Bxa8 c4 30. b4 Bf5 31. Nb1 Bxc2 32. Nxa3 Bd3 33. Nb5 Ne4
34. Bxe4 Bxe4 35. Kg3 f5 36. f3 Bc6 37. Nc3 Kf7 38. Kf2 Ke6 39. Ke3 f4+ 40. Kd2
g5 41. a4 Kd6 42. Ke2 h5 43. Kf2 e4 44. fxe4 Ke5 45. a5 Kd4 46. b5 Ba8 47. Nd5
Kxe4 48. Nxc7 c3 49. Ke2 g4 50. a6 f3+ 51. gxf3+ gxf3+ 0-1

[Event "Nezhmetdinov Cup 2013"]
[Site "?"]
[Date "2013.06.05"]
[Round "6.27"]
[White "Voitsekhovsky, Stanislav"]
[Black "Rivonenko, Vladislav"]
[Result "1-0"]
[WhiteElo "2523"]
[BlackElo "2026"]
[PlyCount "43"]
[EventDate "2013.06.04"]

1. e4 e6 2. d4 d5 3. Nc3 Bb4 4. e5 c5 5. Qg4 g6 6. dxc5 Bxc3+ 7. bxc3 Qc7 8.
Nf3 Qxc5 9. Bd2 Nc6 10. Bd3 Bd7 11. O-O Nge7 12. Rfb1 O-O-O 13. a4 h5 14. Qf4
Nf5 15. Rb5 Qe7 16. Rab1 b6 17. a5 Kc7 18. axb6+ axb6 19. Bxf5 gxf5 20. Be3 Rb8
21. Bxb6+ Kc8 22. Qa4 1-0

[Event "Nezhmetdinov Cup 2013"]
[Site "?"]
[Date "2013.06.05"]
[Round "6.28"]
[White "Shaydullina, Sandugach"]
[Black "Sharafiev, Azat"]
[Result "0-1"]
[WhiteElo "2160"]
[BlackElo "2451"]
[PlyCount "106"]
[EventDate "2013.06.04"]

1. d4 e6 2. c4 b6 3. a3 Bb7 4. Nc3 f5 5. d5 Nf6 6. g3 Bd6 7. Bg2 Be5 8. Bd2 Na6
9. Nh3 Nc5 10. O-O O-O 11. Rc1 Nce4 12. Nxe4 fxe4 13. Bb4 Re8 14. dxe6 Rxe6 15.
Ng5 Re8 16. Qc2 c5 17. Bd2 h6 18. Nh3 d5 19. cxd5 Qxd5 20. Rfd1 Qf7 21. Bf4
Bxf4 22. Nxf4 g5 23. Nh3 Rad8 24. Rxd8 Rxd8 25. Rd1 Rd5 26. f3 e3 27. Rxd5 Nxd5
28. Kh1 a5 29. Ng1 Bc6 30. Bh3 Kg7 31. Bf5 Qf6 32. Bh7 a4 33. Kg2 b5 34. Kf1 c4
35. Be4 Qd4 36. Bxd5 Bxd5 37. Qf5 Bc6 38. Qe6 Bd7 39. Qe7+ Kg6 40. Kg2 Qg7 41.
Qe4+ Kf7 42. Qd5+ Kf8 43. Qa8+ Be8 44. Qa6 Qg6 45. Qc8 Qc6 46. Qf5+ Ke7 47.
Qe5+ Qe6 48. Qc7+ Kf8 49. h4 gxh4 50. Nh3 Qg6 51. Kf1 hxg3 52. Qc5+ Kg8 53.
Qxe3 Bf7 0-1

[Event "Nezhmetdinov Cup 2013"]
[Site "?"]
[Date "2013.06.05"]
[Round "6.29"]
[White "Dordzhieva, Dinara"]
[Black "Denisov, Lev"]
[Result "0-1"]
[WhiteElo "2079"]
[BlackElo "2368"]
[PlyCount "70"]
[EventDate "2013.06.04"]

1. d4 Nf6 2. c4 e6 3. Nf3 Bb4+ 4. Nbd2 O-O 5. a3 Be7 6. e3 b6 7. Bd3 d6 8. b4
Bb7 9. O-O Nbd7 10. Bb2 c5 11. Qe2 Rc8 12. Rac1 Rc7 13. e4 cxd4 14. Nxd4 Re8
15. Nb5 Rc8 16. Nxa7 Ra8 17. Nb5 Ne5 18. Bb1 Ng6 19. f4 e5 20. f5 Nf4 21. Qf3
g6 22. g3 Nh3+ 23. Kg2 Ng5 24. Qe3 d5 25. fxg6 hxg6 26. Qxg5 Nxe4 27. Qg4 Ng5
28. Bxe5 dxc4+ 29. Ne4 Qd2+ 30. Kh1 f5 31. Qh4 Nxe4 32. Qh8+ Kf7 33. Qg7+ Ke6
34. Kg1 Qe3+ 35. Kg2 Ng5+ 0-1

[Event "Nezhmetdinov Cup 2013"]
[Site "?"]
[Date "2013.06.05"]
[Round "6.30"]
[White "Odnorozhenko, Evgenyi"]
[Black "Bulatov, Ramil"]
[Result "1-0"]
[WhiteElo "2319"]
[BlackElo "2221"]
[PlyCount "93"]
[EventDate "2013.06.04"]

1. d4 d5 2. c4 dxc4 3. e3 Nf6 4. Bxc4 e6 5. Nf3 a6 6. O-O b5 7. Bb3 Bb7 8. Qe2
c5 9. Rd1 Nbd7 10. Nc3 Qb8 11. d5 c4 12. dxe6 fxe6 13. Bc2 Bd6 14. a4 b4 15.
Qxc4 Bxf3 16. Qxe6+ Be7 17. gxf3 bxc3 18. Bb3 Qe5 19. Qf7+ Kd8 20. bxc3 Rc8 21.
f4 Qe4 22. Ba3 Rf8 23. Qxg7 Bxa3 24. Rxa3 Kc7 25. Kf1 Kb8 26. Rxd7 Nxd7 27.
Qxd7 Rfd8 28. Qe6 Qd3+ 29. Kg2 Ka7 30. a5 Qb5 31. Qb6+ Qxb6 32. axb6+ Kxb6 33.
Be6 Rc6 34. f5 a5 35. c4 Rc7 36. e4 Ra7 37. Bd5 a4 38. e5 Kc5 39. f6 Rxd5 40.
cxd5 Kxd5 41. f4 Ke6 42. Kf3 Kf5 43. Ke3 h5 44. Kf3 h4 45. h3 Ra8 46. f7 Ke6
47. Rxa4 1-0

[Event "Nezhmetdinov Cup 2013"]
[Site "?"]
[Date "2013.06.05"]
[Round "6.32"]
[White "Chumachenko, Alexander"]
[Black "Sadykov, Ramil"]
[Result "1-0"]
[WhiteElo "2119"]
[BlackElo "2250"]
[PlyCount "115"]
[EventDate "2013.06.04"]

1. d4 Nf6 2. c4 c5 3. d5 e6 4. Nc3 exd5 5. cxd5 d6 6. e4 g6 7. h3 Bg7 8. Nf3
O-O 9. Bd3 b5 10. Bxb5 Nxe4 11. Nxe4 Qa5+ 12. Nfd2 Qxb5 13. Nxd6 Qa6 14. N2c4
Nd7 15. O-O Ne5 16. Nxe5 Bxe5 17. Nxc8 Raxc8 18. Qf3 Rfd8 19. Re1 Qd6 20. Bg5
f6 21. Rxe5 Qxe5 22. Bxf6 Qxd5 23. Bxd8 Qxf3 24. gxf3 Rxd8 25. Rc1 Rd5 26. Rc4
Rd2 27. Rxc5 Rxb2 28. Rc8+ Kg7 29. Rc7+ Kf6 30. Rxa7 h5 31. Kg2 Rc2 32. a4 Ra2
33. a5 Ra3 34. a6 Ra4 35. Ra8 Ra3 36. a7 Kg7 37. f4 Kh7 38. f3 h4 39. Kf2 Kg7
40. Ke2 Ra2+ 41. Kd3 Ra3+ 42. Kc4 Ra4+ 43. Kb5 Ra3 44. f5 gxf5 45. Kc5 Ra5+ 46.
Kd6 Ra6+ 47. Ke5 Ra5+ 48. Kf4 Ra3 49. Kg5 Kh7 50. Kxh4 Ra4+ 51. Kg5 Ra5 52. f4
Kg7 53. h4 Kh7 54. Kf6 Ra6+ 55. Kxf5 Ra5+ 56. Kg4 Kg7 57. f5 Ra1 58. f6+ 1-0

[Event "Nezhmetdinov Cup 2013"]
[Site "?"]
[Date "2013.06.05"]
[Round "6.34"]
[White "Sazonova, Anastasia"]
[Black "Matsenko, Andrei"]
[Result "1/2-1/2"]
[WhiteElo "2097"]
[BlackElo "2212"]
[PlyCount "51"]
[EventDate "2013.06.04"]

1. e4 c6 2. d4 d5 3. e5 Bf5 4. Nf3 e6 5. Be2 Ne7 6. O-O Bg6 7. a4 Nf5 8. a5 a6
9. Nbd2 c5 10. dxc5 Nc6 11. Nb3 Qc7 12. Bf4 f6 13. g4 Nfe7 14. Nfd4 Bf7 15.
exf6 Qxf4 16. fxe7 Bxe7 17. Nxc6 bxc6 18. Qd4 Qh6 19. Qe3 Qf6 20. f4 Qxb2 21.
Rab1 Qf6 22. g5 Qg6 23. Bd3 Qh5 24. Be2 Qg6 25. Bd3 Qh5 26. Be2 1/2-1/2

[Event "Nezhmetdinov Cup 2013"]
[Site "?"]
[Date "2013.06.05"]
[Round "6.35"]
[White "Sarana, Alexey"]
[Black "Kungurov, Andrei"]
[Result "1-0"]
[WhiteElo "2209"]
[BlackElo "2054"]
[PlyCount "61"]
[EventDate "2013.06.06"]

1. d4 e6 2. e4 c5 3. Nf3 cxd4 4. Nxd4 Nf6 5. Bd3 Nc6 6. Nxc6 bxc6 7. Nc3 e5 8.
O-O d6 9. Bc4 Be7 10. Bg5 h6 11. Bh4 g5 12. Bg3 h5 13. h4 Ng4 14. Qf3 Be6 15.
Bxe6 fxe6 16. hxg5 Bxg5 17. Rfd1 Rb8 18. Rd3 Rxb2 19. Rad1 Be7 20. Qe2 Qa5 21.
f3 h4 22. Be1 Nf6 23. Nd5 Qxa2 24. Nxe7 Kxe7 25. Qe3 Rxc2 26. Ra3 Qc4 27. Rxa7+
Kf8 28. Qg5 Qc5+ 29. Kh1 Qxa7 30. Qxf6+ Kg8 31. Rxd6 1-0

[Event "Nezhmetdinov Cup 2013"]
[Site "?"]
[Date "2013.06.05"]
[Round "6.36"]
[White "Konovalov, Roman"]
[Black "Vasiljev, Vasily"]
[Result "0-1"]
[WhiteElo "2044"]
[BlackElo "2202"]
[PlyCount "71"]
[EventDate "2013.06.06"]

1. e4 e5 2. Nf3 Nf6 3. d3 Nc6 4. Be2 Bc5 5. O-O d6 6. h3 h6 7. c3 Bb6 8. b4 O-O
9. Nbd2 Be6 10. Qc2 Nh5 11. Nc4 Ng3 12. Nxb6 Nxe2+ 13. Qxe2 axb6 14. a3 f5 15.
Bb2 Qf6 16. Nd2 Rae8 17. f3 Qg5 18. Kh2 h5 19. exf5 Bxf5 20. Ne4 Qg6 21. g4 Bd7
22. Rae1 Nd8 23. Bc1 Ne6 24. Ng3 h4 25. Ne4 d5 26. Nf2 Ng5 27. Bxg5 Qxg5 28.
Qe3 Qf6 29. Nd1 d4 30. Qd2 Bc6 31. cxd4 Bxf3 32. dxe5 Rxe5 33. Kg1 Qd6 34. Nb2
Ref5 35. Qh2 Rf4 36. Nc4 0-1

[Event "Nezhmetdinov Cup 2013"]
[Site "?"]
[Date "2013.06.05"]
[Round "6.37"]
[White "Ovchinnikov, Vsevolod"]
[Black "Pushkin, Eduard"]
[Result "1/2-1/2"]
[WhiteElo "2006"]
[BlackElo "2170"]
[PlyCount "114"]
[EventDate "2013.06.06"]

1. d4 Nf6 2. c4 d6 3. Nc3 Nbd7 4. g3 e5 5. Bg2 Be7 6. e4 O-O 7. Nge2 c6 8. O-O
a6 9. a4 a5 10. h3 Qc7 11. Be3 Nb8 12. Kh2 Na6 13. b3 Nb4 14. Na2 Nxa2 15. Rxa2
Nd7 16. f4 f6 17. Rd2 Nb8 18. Qa1 exf4 19. Bxf4 Qb6 20. Rd3 Na6 21. g4 Nb4 22.
Rdd1 Be6 23. d5 Bf7 24. Qc3 Rfd8 25. Ng3 Na6 26. Nf5 Bf8 27. g5 fxg5 28. Bxg5
Rd7 29. Rd3 Nc5 30. Rg3 Bg6 31. Bc1 Re8 32. Bb2 Bxf5 33. Rxf5 Qc7 34. Rg4 Rf7
35. Qc2 cxd5 36. Rxd5 Nd7 37. Qd2 b6 38. Rf4 Ne5 39. Bxe5 dxe5 40. Rxf7 Qxf7
41. Rd7 Qf6 42. Qd5+ Kh8 43. Rf7 Qg6 44. Rf5 Bc5 45. Qd7 h6 46. Rf7 Rg8 47. Qf5
Qd6 48. Rd7 Qb8 49. Bf3 Rd8 50. Bg4 Rxd7 51. Qxd7 Qf8 52. Qc8 Qxc8 53. Bxc8 Kg8
54. Kg3 Kf7 55. Kg4 g6 56. Bd7 Kf6 57. Be8 Bd4 1/2-1/2

[Event "Nezhmetdinov Cup 2013"]
[Site "?"]
[Date "2013.06.05"]
[Round "6.38"]
[White "Ivanov, Vladislav"]
[Black "Kostrikina, Anna"]
[Result "1-0"]
[WhiteElo "2002"]
[BlackElo "2151"]
[PlyCount "59"]
[EventDate "2013.06.06"]

1. e4 c5 2. Nc3 a6 3. f4 e6 4. d4 cxd4 5. Qxd4 Nc6 6. Qf2 d6 7. Bd3 Nf6 8. Bd2
Qc7 9. O-O-O b5 10. Nf3 Nb4 11. Kb1 Nd7 12. Nxb5 axb5 13. Bxb4 Ba6 14. Qe2 Rb8
15. Nd4 Qb6 16. c3 Nc5 17. Bc2 Be7 18. e5 d5 19. f5 Kd7 20. Qg4 g6 21. fxe6+
fxe6 22. Bxc5 Bxc5 23. Nxe6 Qxe6 24. Rxd5+ Ke7 25. Qg5+ Ke8 26. Rxc5 Rf8 27.
Be4 Bb7 28. Bxb7 Rxb7 29. Rd1 Qe7 30. Rc8+ 1-0

[Event "Nezhmetdinov Cup 2013"]
[Site "?"]
[Date "2013.06.05"]
[Round "6.39"]
[White "Khusnutdinova, Alsu"]
[Black "Safiullin, Rafael"]
[Result "1-0"]
[WhiteElo "2001"]
[BlackElo "2149"]
[PlyCount "69"]
[EventDate "2013.06.06"]

1. e4 e5 2. Nf3 Nc6 3. Bb5 a6 4. Ba4 Nf6 5. d3 b5 6. Bb3 Bc5 7. O-O O-O 8. c3
d6 9. Bg5 Bb6 10. a4 Rb8 11. axb5 axb5 12. Na3 b4 13. Nc4 bxc3 14. bxc3 Be6 15.
Ba4 Bd7 16. Nxb6 Rxb6 17. d4 h6 18. Bh4 Bg4 19. Re1 g5 20. Bg3 exd4 21. Bxc6
Rxc6 22. cxd4 Qd7 23. Qd3 Rb6 24. h4 Nh7 25. Qe3 Qe7 26. hxg5 hxg5 27. Nd2 f5
28. f3 f4 29. Qc3 fxg3 30. fxg4 Rf2 31. Nc4 Rb8 32. Qxg3 Rbf8 33. Ne3 R8f3 34.
gxf3 Rb2 35. Reb1 1-0

[Event "Nezhmetdinov Cup 2013"]
[Site "?"]
[Date "2013.06.05"]
[Round "6.40"]
[White "Kaliadzich, Maryia"]
[Black "Yeletsky, Ivan"]
[Result "1-0"]
[WhiteElo "1982"]
[BlackElo "2144"]
[PlyCount "69"]
[EventDate "2013.06.06"]

1. e4 c5 2. Nf3 d6 3. d4 cxd4 4. Nxd4 Nf6 5. Nc3 a6 6. h3 e6 7. g4 Be7 8. Bg2
Nfd7 9. Be3 Nc6 10. O-O O-O 11. Qe2 Qc7 12. Rad1 Nxd4 13. Bxd4 b5 14. e5 Rb8
15. exd6 Bxd6 16. Ne4 Bh2+ 17. Kh1 Bf4 18. Qd3 Ne5 19. Qc3 Qxc3 20. Bxc3 Bb7
21. Nc5 Bxg2+ 22. Kxg2 Nc4 23. Nd7 b4 24. Bd4 Rbd8 25. Nxf8 Rxf8 26. Bc5 Rc8
27. Rd4 Nd2 28. Rd1 g5 29. Bxb4 Nc4 30. Rd8+ Rxd8 31. Rxd8+ Kg7 32. Ra8 e5 33.
Bf8+ Kg6 34. Rxa6+ f6 35. Ra7 1-0

[Event "Nezhmetdinov Cup 2013"]
[Site "?"]
[Date "2013.06.05"]
[Round "6.41"]
[White "Ioffe, Dmitry"]
[Black "Beinenson, Katsiaryna"]
[Result "0-1"]
[WhiteElo "2138"]
[BlackElo "1970"]
[PlyCount "106"]
[EventDate "2013.06.06"]

1. Nf3 d5 2. b3 c6 3. Bb2 Nf6 4. g3 Bf5 5. Bg2 e6 6. d3 h6 7. O-O Be7 8. e3 O-O
9. Qe2 a5 10. a4 Na6 11. Kh1 Bh7 12. Ne5 Nb4 13. f4 c5 14. Na3 Nd7 15. Ng4 Rc8
16. e4 Nf6 17. Nf2 Re8 18. Rad1 Nc6 19. e5 Nd7 20. Nb5 Nb4 21. c3 Nc6 22. c4
Nb6 23. Qf3 Nb4 24. g4 Nc2 25. Rd2 Nb4 26. Bc3 Rf8 27. Qe2 Kh8 28. Rdd1 f6 29.
exf6 Bxf6 30. Be5 Bxe5 31. fxe5 Qg5 32. Nd6 Rb8 33. Nh3 Qe7 34. Nf4 g5 35. Nh5
Rxf1+ 36. Qxf1 Rf8 37. Qe2 Nd7 38. Nxb7 Nb8 39. Nd6 N8c6 40. Nb5 Bg6 41. d4 Bc2
42. Rf1 cxd4 43. Rf6 Rxf6 44. exf6 Qf8 45. Qxe6 d3 46. Nd6 d2 47. Bf3 Nd4 48.
Nf7+ Kh7 49. Qd7 Nxf3 50. Nxg5+ Kg8 51. Qe6+ Kh8 52. Qe7 d1=Q+ 53. Kg2 Qxe7 0-1